000 00673nam a2200217Ia 4500
001 12628
003 GE_BSU
008 181216s||||||||xx |||||||||||||| ||und||
040 _cGE_BSU
080 _a634.1/7:631.5.42(084)
100 _aКудрявец,Р.П
245 _aФормирование и обрезка плодовых деревьев
245 _cРед.Боброва
260 _aМосква
260 _bКолос
260 _c1976
300 _a164стр.илл.27см.
300 _eПредметный указатель стр.161
653 _aФормирование и обрезка плодовых деревьев
942 _cBK
999 _c45800
_d45800